000 01544nam a2200361Ia 4500
001 ebr10021607
003 CaPaEBR
006 m u
007 cr cn|||||||||
008 000209s2000 mduab sb 001 0 eng d
010 _z 00008338
020 _z0801864399 (alk. paper)
020 _z0801875129
040 _aCaPaEBR
_cCaPaEBR
035 _a(OCoLC)70759040
050 1 4 _aPN1991.3.U6
_bC73 2000eb
082 0 4 _a384.54/0973
_221
100 1 _aCraig, Douglas B.
245 1 0 _aFireside politics
_h[electronic resource] :
_bradio and political culture in the United States, 1920-1940 /
_cDouglas B. Craig.
260 _aBaltimore :
_bJohns Hopkins University Press,
_cc2000.
300 _axx, 362 p. :
_bill., maps.
490 1 _aReconfiguring American political history
504 _aIncludes bibliographical references and index.
533 _aElectronic reproduction.
_bPalo Alto, Calif. :
_cebrary,
_d2013.
_nAvailable via World Wide Web.
_nAccess may be limited to ebrary affiliated libraries.
650 0 _aRadio broadcasting
_zUnited States
_xHistory.
650 0 _aRadio broadcasting
_xPolitical aspects
_zUnited States
_xHistory.
650 0 _aRadio broadcasting policy
_zUnited States
_xHistory.
650 0 _aRadio in politics
_zUnited States
_xHistory.
655 7 _aElectronic books.
_2local
710 2 _aebrary, Inc.
830 0 _aReconfiguring American political history.
856 4 0 _uhttp://site.ebrary.com/lib/rucke/Doc?id=10021607
_zAn electronic book accessible through the World Wide Web; click to view
999 _c10305
_d10305